ऋग्वेदिक आर्यः ऐतिहासिक और सांस्कृतिक अध्ययन / (Record no. 62993)
[ view plain ]
| 000 -LEADER | |
|---|---|
| fixed length control field | 00861nam a22001817a 4500 |
| 005 - DATE AND TIME OF LATEST TRANSACTION | |
| control field | 2012021608528.0 |
| 020 ## - INTERNATIONAL STANDARD BOOK NUMBER | |
| Terms of availability | 110.00 |
| International Standard Book Number | |
| 035 ## - SYSTEM CONTROL NUMBER | |
| System control number | B-177722 |
| 037 ## - SOURCE OF ACQUISITION | |
| Source of stock number/acquisition | HN |
| Stock number | dpl |
| 082 ## - DEWEY DECIMAL CLASSIFICATION NUMBER | |
| Classification number | 220 |
| 100 ## - MAIN ENTRY--PERSONAL NAME | |
| Personal name | सांकृत्यायन, राहुल |
| 245 1# - TITLE STATEMENT | |
| Title | ऋग्वेदिक आर्यः ऐतिहासिक और सांस्कृतिक अध्ययन / |
| Statement of responsibility, etc | राहुल सांकृत्यायन |
| 260 ## - PUBLICATION, DISTRIBUTION, ETC. (IMPRINT) | |
| Place of publication, distribution, etc | दिल्ली |
| Name of publisher, distributor, etc | किताब महल |
| Date of publication, distribution, etc | 2004 |
| 270 ## - ADDRESS | |
| Address | |
| City | नई दिल्ली |
| Postal code | |
| Telephone number | |
| 300 ## - PHYSICAL DESCRIPTION | |
| Extent | 364पृ. |
| Dimensions | 22सेमी (अजिल्द) |
| 942 ## - ADDED ENTRY ELEMENTS (KOHA) | |
| Institution code [OBSOLETE] | dpl |
| Item type | Hindi Books |
| Call number prefix | |
| Source of classification or shelving scheme | Dewey Decimal Classification |
| Classification part | 220 |
| Call number suffix | सांकृत्या |
| Withdrawn status | Lost status | Not for loan | Collection code | Home library | Current library | Date acquired | Cost, normal purchase price | Full call number | Barcode | Cost, replacement price | Koha item type |
|---|---|---|---|---|---|---|---|---|---|---|---|
| Non-fiction | Sarojini Nagar | Sarojini Nagar | 16/02/2012 | 110.00 | 220 सांकृत्या | B-177722 | 110.00 | Hindi Books |
